[Event "SenWM Bad Zwischenahn"]
[Site "?"]
[Date "2008.??.??"]
[Round "?"]
[White "Kaiser, Hans"]
[Black "Husser, Oskar"]
[Result "0-1"]
[WhiteElo "1835"]
[BlackElo "1975"]
[PlyCount "34"]
[EventDate "2008.??.??"]

1. e4 d5 2. e5 c5 3. Nf3 Nc6 4. Bb5 a6 5. Bxc6+ bxc6 6. O-O Bg4 7. h3 Bh5 8.
Re1 e6 9. b3 f5 10. Bb2 Nh6 11. d3 Nf7 12. Nbd2 g5 13. Kh2 g4 14. h4 gxf3 15.
Nxf3 Bxf3 16. Qxf3 Qxh4+ 17. Kg1 Rg8 0-1